书目信息 |
| 题名: |
凯旋门
|
|
| 作者: | 雷马克 著 | |
| 分册: | ||
| 出版信息: | 上海 上海译文出版社 1997.11 |
|
| 页数: | 566页 | |
| 开本: | 20cm | |
| 丛书名: | ||
| 单 册: | ||
| 中图分类: | I516.45 | |
| 科图分类: | ||
| 主题词: | 文学 | |
| 电子资源: | ||
| ISBN: | 7-5327-1975-8 | |
| 000 | 00513nam0 2200193 45 | |
| 001 | 0437517615 | |
| 005 | 2004042510251647 | |
| 010 | @a7-5327-1975-8@dCNY 25.50 | |
| 100 | @a20040425d1997 km y0chiy0120 ea | |
| 101 | 0 | @achi |
| 102 | @aCN@b310000 | |
| 200 | 1 | @a凯旋门@AKai Xuan Men@f(德)雷马克著@F(De)Lei Ma Ke Zhu |
| 210 | @a上海@c上海译文出版社@d1997.11 | |
| 215 | @a566页@d20cm | |
| 606 | 0 | @a文学 |
| 690 | @aI516.45@v3 | |
| 701 | 0 | @a雷马克@ALei Ma Ke@4著 |
| 801 | 0 | @aCN@bPFT@c20040425 |
| 905 | @dI516.45@eL079 | |
| 凯旋门/(德)雷马克著.-上海:上海译文出版社,1997.11 |
| 566页;20cm |
| ISBN 7-5327-1975-8:CNY 25.50 |
| ● |
| 相关链接 |
|
|
|
正题名:凯旋门
索取号:I516.45/L079
 
预约/预借
| 序号 | 登录号 | 条形码 | 馆藏地/架位号 | 状态 | 备注 |
| 1 | 381451 | 203814514 | 社科二线400B/400B社科库 5排1列3层/ [索取号:I516.45/L079] | 在馆 | |
| 2 | 381452 | 203814523 | 社科二线422/422社科库 31排1列4层/ [索取号:I516.45/L079] | 在馆 | |
| 3 | 381453 | 203814532 | 社科二线400B/400B社科库 31排3列3层/ [索取号:I516.45/L079] | 在馆 |